000 01027nam a2200301 i 4500
001 181550
003 ES-MaACL
005 20250812223527.0
008 130205r19811982sp |||| | spa d
020 _a84-335-9429-X
080 _a946.0"1923/31"
080 _a946.0"1931/39"
080 _a946.0"1936/39"
245 0 3 _aLa crisis del Estado: dictadura, república, guerra
_b: (1923-1939) /
_cpor Pierre Malerbe ... [et al.].
250 _a1ª ed., 1ª reimp.
260 _aBarcelona :
_bLabor,
_c1982.
300 _a712 p. :
_bmapas ;
_c22 cm.
490 1 _aHistoria de España ;
_v9
504 _aBibliografía. Índices.
651 4 _aEspaña-
_xHistoria-
_y1923-1930, Dictadura.
_98281
651 4 _aEspaña-
_xHistoria-
_y1931-1939, II República.
_98283
651 4 _aEspaña-
_xHistoria-
_y1936-1939, Guerra civil.
_98292
700 1 _aMalerbe, Pierre.
_9152218
830 0 0 _aHistoria de España (Labor)
_vt. 9
_9236395
852 _aES-MaACL
_jL-16755
942 _2udc
999 _c181550
_d181550